[Event "27th Kavala Open 2018"]
[Site "Kavala"]
[Date "2018.08.11"]
[Round "9"]
[White "Quparadze, Giga"]
[Black "Kanakaris, Georgios"]
[Result "1-0"]
[WhiteElo "2517"]
[BlackElo "2398"]
[Annotator "TA"]
[PlyCount "111"]
[EventDate "2018.08.06"]
[EventType "swiss"]
[EventCountry "GRE"]
[SourceTitle "playchess.com"]
[Source "ChessBase"]
[SourceQuality "1"]

{[%evp 19,111,0,12,8,28,18,3,23,18,18,17,18,20,18,22,1,24,16,52,41,48,0,0,0,0,-32,-23,-25,-13,-45,-8,-41,-33,-59,-39,-36,0,-43,-19,-21,-23,-18,-19,-39,-18,-20,-18,-48,-24,-64,-8,-12,0,0,0,0,6,0,0,0,0,0,0,0,1,5,8,8,18,22,27,27,27,27,26,25,27,32,186,174,276,271,266,264,262,258,259,237,342,341,328,328,29977,29978]} 1. e4 c5 2. Nf3 d6 3. d4 cxd4 4. Nxd4 Nf6 5. Nc3 a6 6. g3 e5 7. Nde2 Be7 8. Bg2 O-O 9. O-O Be6 10. h3 b5 {LiveBook: 5 Games. B91: Sicilian Najdorf: 6 g3} (10... Nbd7 11. g4 Nb6 12. a4 Rc8 13. a5 Nc4 14. Nd5 Nxd5 15. exd5 Bd7 16. Qe1 b6 17. axb6 Nxb6 18. Nc3 {0-1 (42) Predke,A (2573)-Korobov,A (2691) Moscow 2017}) 11. g4 b4 12. Nd5 Nxd5 {The position is equal.} 13. exd5 Bc8 14. a3 bxa3 15. Rxa3 Nd7 16. Ng3 Rb8 $146 ({Predecessor:} 16... g6 17. Bh6 {½-½ (40) Milic,B-Vidmar,M Ljubljana 1951}) 17. Kh2 Nc5 18. b3 f5 19. gxf5 Bxf5 20. f4 exf4 21. Bxf4 Bg6 22. Qd2 Qb6 23. Raa1 Bf6 24. Rae1 a5 25. Re2 Rbe8 26. Rfe1 Rxe2 27. Rxe2 Qc7 28. Bg5 (28. Be4 $5) 28... h6 29. Bxf6 Rxf6 30. Qc3 Rf4 31. Qd2 Rf8 32. Qe1 Qb6 33. Nf1 {[%cal Bg3f1,Bf1e3,Be3f5][%mdl 32]} Qd8 34. Qg3 Bh5 (34... Kh7 $1 $15) 35. Re1 $11 Qf6 36. Ne3 Qf2 37. Qxf2 Rxf2 38. Kg3 Rd2 39. Ra1 Re2 40. Nf5 Rxc2 41. Rxa5 Rc3+ 42. Kh2 Nxb3 43. Ra7 Rc2 44. Rxg7+ Kh8 45. Rg3 Nd2 {[#] Hoping for ...Nf3+.} 46. Kg1 Rc1+ 47. Kf2 Nc4 $1 48. Be4 Nd2 $2 (48... Ra1 $1 $14) 49. Nxd6 $18 Rf1+ (49... Ra1 $142) 50. Ke3 Rd1 {Black wants to play ...Nf1+.} 51. Bd3 Nf1+ 52. Bxf1 $1 Rxf1 53. Kd4 Bf3 (53... Kh7 {might work better.} 54. Nc4 Be8) 54. Ne4 {[#] And now Nd2 would win.} Rd1+ 55. Ke5 Bh1 $2 (55... Bh5 $18 56. d6 Bf7) 56. Nf6 {Precision: White = 68%, Black = 35%.} 1-0

[Event "27th Kavala Open 2018"]
[Site "Kavala"]
[Date "2018.08.11"]
[Round "9"]
[White "Hasangatin, Ramil"]
[Black "Ambartsumova, Karina"]
[Result "1-0"]
[WhiteElo "2491"]
[BlackElo "2377"]
[Annotator "TA"]
[PlyCount "97"]
[EventDate "2018.08.06"]
[EventType "swiss"]
[EventCountry "GRE"]
[SourceTitle "playchess.com"]
[Source "ChessBase"]
[SourceQuality "1"]

{[%evp 21,97,34,39,31,55,70,79,58,73,65,68,59,58,57,73,60,75,60,50,46,64,66,118,98,94,98,91,66,93,93,104,104,97,101,99,89,99,97,99,98,99,97,97,88,111,116,139,156,198,188,207,192,333,331,317,309,474,443,493,468,472,452,486,478,440,485,453,452,610,572,1293,1257,1477,1439,1270,625,1125,1152]} 1. e4 c5 2. Nf3 e6 3. c3 d5 4. exd5 exd5 5. d4 Nc6 6. Bb5 Bd6 7. dxc5 Bxc5 8. O-O Nge7 9. Nbd2 O-O 10. Nb3 Bb6 11. Re1 Nf5 {LiveBook: 113 Games. C09: French Tarrasch: 3...c5 4 exd5 exd5 5 Ngf3 Nc6} (11... Bg4 12. h3 Bh5 13. Be3 Bc7 14. Bc5 Re8 15. Be2 Ng6 16. Nfd4 Bxe2 17. Rxe2 Qg5 18. Rxe8+ Rxe8 19. Qg4 Qe5 {½-½ (61) Potkin,V (2574)-Morozevich,A (2676) Sochi 2017}) 12. a4 {[%cal Ba2a4,Ba4a5][%mdl 32]} Qd6 $146 ({Predecessor:} 12... a5 13. Bf4 Qf6 14. Qxd5 Be6 15. Qd1 Nh4 16. Nxh4 Qxf4 17. Nf3 Rad8 18. Qc1 Qc7 19. Nbd2 {½-½ (28) Stephens,M (2275)-Hanzalik,R (2338) ICCF email 2015}) 13. a5 Bc7 {White is slightly better.} 14. g3 Qd8 15. a6 {Black must now prevent axb7.} Bb6 16. axb7 Bxb7 17. Bd3 Bc8 18. Bf4 g6 19. Ne5 Nxe5 20. Bxe5 Be6 21. Qd2 f6 (21... a5 $14) 22. Bxf5 Bxf5 23. Bd4 Qd6 24. Qe3 Rab8 25. Bxb6 axb6 26. Nd4 Bd7 27. Qe7 Qxe7 28. Rxe7 Rf7 29. Rxf7 Kxf7 $16 {[%mdl 4096] Endgame KRB-KRN} 30. Ra7 Ke8 31. f3 b5 32. Nc2 Rc8 33. Kf2 Ke7 34. Ke3 Kd6 {[#]} 35. Nb4 $1 h5 {[#]} 36. Ra6+ $1 Bc6 (36... Kc5 $142 37. Nd3+ (37. Rxf6 d4+ 38. Kd2 Bf5 $16) 37... Kc4) 37. Kd4 $18 Kd7 38. Rb6 ({Much less strong is} 38. Nxd5 Bxd5 39. Kxd5 Ke7 $18) 38... Kd6 (38... Ba8 {was necessary.} 39. Rxb5 (39. Rxf6 Rc4+ 40. Ke5 d4 $18) 39... Re8) 39. b3 {White is clearly winning.} ({Weaker is} 39. Nxc6 Rxc6 40. Rxb5 Rc4+ 41. Ke3 g5 $16) 39... g5 40. Nxc6 Rxc6 41. Rxb5 {KR-KR} Ke6 42. Rxd5 Ra6 43. h4 {[%cal Bh2h4,Bh4g5,Bg5f6][%mdl 32]} Ra1 {Threatens to win with ...Rd1+.} 44. c4 Rg1 45. hxg5 Rxg3 46. gxf6 Rxf3 47. b4 h4 48. Rh5 (48. b5 $142 h3 49. Rh5) 48... h3 49. Rh6 {Precision: White = 90%, Black = 54%.} 1-0

[Event "27th Kavala Open 2018"]
[Site "Kavala"]
[Date "2018.08.11"]
[Round "9"]
[White "Petrov, Martin"]
[Black "Maghalashvili, Davit"]
[Result "1-0"]
[WhiteElo "2456"]
[BlackElo "2508"]
[Annotator "TA"]
[PlyCount "39"]
[EventDate "2018.08.06"]
[EventType "swiss"]
[EventCountry "GRE"]
[SourceTitle "playchess.com"]
[Source "ChessBase"]
[SourceQuality "1"]

{[%evp 25,39,64,83,77,381,354,297,271,277,274,501,518,1106,1072,1339,1353]} 1. e4 c5 2. Nf3 d6 3. d4 cxd4 4. Nxd4 Nf6 5. Nc3 g6 6. Be3 Bg7 7. f3 O-O 8. Bc4 Nc6 9. Qd2 Bd7 10. h4 Rc8 11. Bb3 h5 12. O-O-O Nxd4 13. Bxd4 b5 {LiveBook: 5 Games} 14. g4 {aiming for Bxf6. B78: Sicilian Dragon: Yugoslav Attack, 9 Bc4 Bd7 10 0-0-0 Rc8} (14. Bxf6 Bxf6 15. Qh6 {½-½ (15) Garcia Pantoja,R (2461)-Martinez Romero,M (2411) Ocana 2016}) 14... hxg4 $2 {[%mdl 8192] [#]} (14... a5 $16) 15. h5 $1 $18 {[%cal Rh5h6]} gxh5 $146 ({Predecessor:} 15... Nxh5 16. Bxg7 Kxg7 17. Rxh5 Rh8 18. Rxh8 Qxh8 19. fxg4 a5 20. a4 b4 21. Nd5 Qe8 22. Rh1 f6 23. Qh6+ Kf7 24. Nc7+ e6 25. Qh7+ {1-0 (25) Rios Parra,J (2110)-Llano Buritica,E (1617) Medellin 2013}) 16. Bxf6 {White has a decisive advantage.} exf6 17. Qh2 Qe7 $2 (17... Re8 18. Rxd6 (18. Qxh5 Qe7 $16) 18... Kf8) 18. Nd5 {White is clearly winning.} ({Less strong is} 18. Qxh5 Rfe8 $16) 18... Qe6 (18... Qe5 $142 19. Qxe5 (19. Qxh5 Rfe8 $14) 19... fxe5) 19. Qxh5 {[%csl Gh1][%cal Rh5h7] [#]} Rfe8 20. Nf4 1-0

[Event "27th Kavala Open 2018"]
[Site "Kavala"]
[Date "2018.08.11"]
[Round "9"]
[White "Kourkoulos-Arditis, Stamatis"]
[Black "Tsakiris, Haralambos"]
[Result "1/2-1/2"]
[WhiteElo "2433"]
[BlackElo "2228"]
[Annotator "TA"]
[PlyCount "53"]
[EventDate "2018.08.06"]
[EventType "swiss"]
[EventCountry "GRE"]
[SourceTitle "playchess.com"]
[Source "ChessBase"]
[SourceQuality "1"]

{[%evp 18,53,44,0,0,-31,-14,-51,-45,-43,-44,-84,-65,-50,-28,-63,-16,-35,0,0,37,17,98,51,191,200,286,31,439,81,65,45,41,-108,-102,-103,-97,-97]} 1. d4 d5 2. c4 e6 3. Nf3 a6 4. cxd5 exd5 5. Nc3 Nf6 6. Bg5 {D37: Damengambit (5.Lf4)} Be6 7. e3 Nbd7 8. Bd3 Bd6 9. Qc2 (9. O-O O-O 10. Rc1 c6 11. Bf4 Bxf4 12. exf4 Bg4 13. Be2 Bxf3 14. Bxf3 {1-0 (122) Nakamura,H (2769)-Caruana,F (2816) Paris 2018}) 9... h6 10. Bh4 {LiveBook: 14 Partien} O-O 11. O-O-O $146 ({Vorgänger:} 11. O-O c6 12. Rab1 Qc7 13. Bg3 Bxg3 14. hxg3 {1-0 (45) Sarana,A (2457)-Moiseenko,V (2520) Taganrog 2017}) 11... c5 12. dxc5 (12. Bh7+ $5 Kh8 13. Bf5 $11) 12... Bxc5 13. Kb1 Rc8 14. Qa4 b5 15. Qf4 Qa5 {Und weiter mit ...Sh5 wäre nett.} (15... Qb6 $5 {[%cal Rf6h5]} 16. Bxf6 Nxf6 $15) 16. Nd4 Ba7 17. Nb3 Qd8 18. Qd6 g5 19. Bg3 $36 {[%mdl 2048] Weiss hat Initiative.} Nb8 (19... Bb8 $11 {bleibt in der Remisbreite.} 20. Qxa6 Ng4) 20. h4 {zielt auf hxg5 ab.} Nc6 (20... Qxd6 $1 $14 21. Bxd6 Nc6) 21. hxg5 $18 hxg5 {[#]} (21... Qxd6 {ist eine bessere Verteidigung.} 22. Bxd6 hxg5) 22. Nd4 $2 (22. Be5 $1 $18 {Weiss will mit Dxd8 Matt setzen.} Qxd6 23. Bxf6 (23. Bxd6 Rfd8 $11)) 22... Nxd4 $4 {[%mdl 8192]} ({Günstiger ist} 22... Bxd4 $14 23. exd4 Qxd6 24. Bxd6 Rfd8) 23. exd4 $2 ({Nicht} 23. Qe5 {[#]} Nf5 $1 $17 {[%mdl 512]}) (23. Qxd8 $18 {ist der präzise Gewinnweg.} Rcxd8 24. Be5) 23... Bb8 $16 24. Qxd8 Rfxd8 25. Be5 (25. Bxb8 $14 {behält die Oberhand.} Rxb8 26. Rde1) 25... Bxe5 $17 26. dxe5 Ng4 27. Rh5 {Precision: Weiß = 17%, Schwarz = 13%.} 1/2-1/2

[Event "27th Kavala Open 2018"]
[Site "Kavala"]
[Date "2018.08.11"]
[Round "9"]
[White "Neelotpal, Das"]
[Black "Ivanov, Sergey"]
[Result "1-0"]
[WhiteElo "2429"]
[BlackElo "2535"]
[Annotator "TA"]
[PlyCount "65"]
[EventDate "2018.08.06"]
[EventType "swiss"]
[EventCountry "GRE"]
[SourceTitle "playchess.com"]
[Source "ChessBase"]
[SourceQuality "1"]

{[%evp 29,65,16,28,10,25,0,0,0,0,-8,0,-75,-75,-91,11,0,5,0,9,9,12,10,21,12,109,117,283,277,383,387,377,379,364,330,314,314,314,314]} 1. e4 e6 2. d4 d5 3. Nd2 c5 4. exd5 Qxd5 5. Ngf3 cxd4 6. Bc4 Qd6 7. O-O Nf6 8. Nb3 Nc6 9. Nbxd4 Nxd4 10. Nxd4 a6 11. Bb3 Qc7 12. Re1 Bd7 13. Qf3 Bd6 14. h3 O-O-O 15. Be3 {C07: French Tarrasch: 3...c5, 4 Ngf3 and 4 exd5 Qxd5} (15. Bg5 Bh2+ 16. Kh1 Be5 17. Qe3 Bd6 18. Qf3 Be5 19. Qe3 Bd6 20. Qf3 Be5 21. Qe3 {½-½ (21) Shyam,S (2535)-Ponkratov,P (2595) Voronezh 2017}) 15... Kb8 {LiveBook: 10 Games} 16. Qe2 Rhg8 $146 ({Predecessor:} 16... Rdg8 17. Nf3 Bc6 18. Rad1 Ne4 19. Nd4 Bd7 20. Qf3 Nf6 21. c4 e5 22. Nc2 Bc6 {0-1 (31) Rimeikis,A (2071)-Batkovskyte,D (2102) Vilnius 2011}) 17. Qc4 {White has an edge.} Qa5 18. Rad1 g5 19. Ne2 Bc6 20. Bd2 (20. Qc3 $11 {remains equal.} Qxc3 21. Nxc3) 20... Qc7 $17 {aiming for ...g4.} 21. Nd4 Be4 (21... Bh2+ $17 22. Kf1 Bxg2+ $1 {[%mdl 512]} 23. Kxg2 Qxc4 24. Bxc4 Rxd4) 22. Qxc7+ Bxc7 23. Bc3 $36 {[%mdl 2048] White fights for an advantage.} g4 24. hxg4 {And now f3 would win.} Bb6 25. Nxe6 Rxd1 26. Rxd1 Rxg4 {[#]} (26... fxe6 $11 {keeps the balance.} 27. Bxf6 Rxg4) 27. Nf4 $1 $16 Kc8 $2 (27... Nh5 $16 28. Nxh5 Rxg2+ 29. Kf1 Rxf2+ 30. Ke1 Bf3) 28. Bxf7 $18 ({Less strong is} 28. Bxf6 Rxf4 29. Bd4 Bf3 $16) 28... Rxf4 29. Be6+ Nd7 30. Bxd7+ Kd8 31. Bf5+ Ke7 32. Bxe4 Rxe4 33. Re1 {Precision: White = 49%, Black = 49%.} 1-0

[Event "27th Kavala Open 2018"]
[Site "Kavala"]
[Date "2018.08.11"]
[Round "9"]
[White "Danielian, Elina"]
[Black "Sandalakis, Angelos"]
[Result "1-0"]
[WhiteElo "2419"]
[BlackElo "2444"]
[Annotator "TA"]
[PlyCount "79"]
[EventDate "2018.08.06"]
[EventType "swiss"]
[EventCountry "GRE"]
[SourceTitle "playchess.com"]
[Source "ChessBase"]
[SourceQuality "1"]

{[%evp 20,79,0,0,0,0,0,0,0,0,0,0,0,-4,0,-15,-8,-34,0,0,0,0,-2,-6,-4,-7,0,0,0,0,0,0,0,0,10,4,10,0,14,2,41,43,41,42,47,50,179,147,525,510,475,466,12837,12837,6399,2321,12838,12839,12839,12839,29986,12838]} 1. d4 e6 2. Nf3 Nf6 3. e3 b6 4. Bd3 Bb7 5. O-O d5 6. c4 Bd6 7. Nc3 O-O 8. cxd5 exd5 9. Qc2 a6 10. e4 {E14: Queen's Indian: Classical Variation (4 e3)} dxe4 11. Nxe4 {LiveBook: 16 Games} h6 12. Re1 $146 {The position is equal.} ({Predecessor:} 12. Ne5 Nd5 13. Qe2 Nc6 14. Qh5 Bxe5 15. dxe5 Qe7 16. Bxh6 gxh6 17. Qxh6 Qxe5 {0-1 (43) Danielian,E (2478)-Fedorchuk,S (2660) Legnica 2013}) 12... Nxe4 13. Bxe4 Bxe4 14. Qxe4 Nd7 {[%cal Bb8d7,Bd7f6,Bf6d5,Bd5f4][%mdl 32]} 15. Bd2 Re8 16. Qg4 Nf6 17. Qh4 Nd5 18. Qh5 {Hoping for Rxe8+.} Nf4 19. Bxf4 Bxf4 20. Qg4 Qf6 21. h4 Bd6 22. g3 Bb4 23. Re4 Qc6 24. d5 Rxe4 25. Qxe4 Qd6 26. Nd4 Qf8 27. Nf5 Bc5 28. h5 Re8 29. Qg4 Kh7 30. Rc1 a5 31. a3 a4 32. Qxa4 g6 (32... Re2 $14 33. Rc2 b5) 33. b4 b5 $2 {[%mdl 8192]} (33... gxf5 $16 {is a better chance.} 34. bxc5 bxc5) 34. Qxb5 $18 Bb6 {[#]} 35. d6 $1 {[%cal Bd5d6,Bd6c7][%mdl 32]} Qh8 (35... cxd6 $142 36. hxg6+ fxg6 37. Qxb6 gxf5) 36. hxg6+ Kxg6 37. Nh4+ (37. Ne7+ $142 Kg7 38. dxc7 Bxc7 39. Rxc7) 37... Kh7 38. Qf5+ Kg8 39. dxc7 Qg7 40. Kg2 {Precision: White = 68%, Black = 45%.} (40. c8=Q $142 Rf8 {[#]} 41. Qg4 $3 {[%mdl 512]} Bd8 42. Qxg7+ Kxg7 43. Nf5+ Kh7 44. Rc6 Kg8 45. Nxh6+ Kh8 46. Nxf7+ $1 {[%mdl 512]} Kg7 47. Qg4+ Bg5 48. Qxg5+ Kxf7 49. Qg6+ Ke7 50. Qe6+ Kd8 51. Rc8#) 1-0

[Event "27th Kavala Open 2018"]
[Site "Kavala"]
[Date "2018.08.11"]
[Round "9"]
[White "Bednarek, Sylwester"]
[Black "Giannoulakis, Lampros"]
[Result "0-1"]
[WhiteElo "2359"]
[BlackElo "2287"]
[Annotator "TA"]
[PlyCount "94"]
[EventDate "2018.08.06"]
[EventType "swiss"]
[EventCountry "GRE"]
[SourceTitle "playchess.com"]
[Source "ChessBase"]
[SourceQuality "1"]

{[%evp 18,94,4,-28,5,4,9,7,9,17,25,25,25,29,33,22,8,8,25,0,23,23,21,12,23,32,35,26,38,0,0,0,0,0,0,0,0,0,31,-16,18,12,18,0,0,-3,81,0,0,0,0,0,101,0,7,0,0,0,0,-105,-131,-220,-206,-165,0,-306,-291,-381,-363,-414,-389,-875,-989,-906,-939,-864,-899,-1491,-855]} 1. d4 Nf6 2. Bg5 d5 3. Bxf6 exf6 4. e3 c5 5. Nc3 Nc6 6. Nge2 {D00: 1 d4 d5: Unusual lines} Be6 7. g3 cxd4 8. exd4 Bd6 9. Bg2 Ne7 10. O-O {LiveBook: 4 Games} Qb6 11. Qd2 O-O 12. Nd1 Rac8 13. c3 $146 a5 14. Nf4 Bxf4 15. Qxf4 Rfd8 16. Rc1 {[%cal Ba1c1,Bc1c2,Bc2e2][%mdl 32]} Nf5 {[%cal Be7f5,Bf5d6,Bd6c4][%mdl 32]} 17. Re1 h6 18. h3 Nd6 19. g4 Nc4 20. Rc2 Qd6 (20... Qa6 {with more complications.} 21. Qg3 b5 22. f4 f5 23. Bf3 b4) 21. Qxd6 Rxd6 22. Rce2 b5 23. a3 b4 24. axb4 axb4 25. f4 f5 26. gxf5 Bxf5 27. cxb4 Kh7 28. Re8 Rxe8 29. Rxe8 Be4 30. Bf1 {And now Bxc4 would win.} Nd2 $1 31. Nc3 f5 (31... Rb6 $11) 32. Be2 ({White should try} 32. b5 $16) 32... Nb3 $11 33. Kf2 {aiming for Ke3.} Nxd4 34. b5 Rg6 (34... Ne6 $11 {remains equal.}) 35. Nxe4 (35. Bf1 $1 $16) 35... fxe4 $16 {[%mdl 4096] Endgame KRB-KRN} 36. Re5 Rd6 37. Bf1 Kg6 38. Re8 {[#]} (38. h4 $1 $11 {keeps the balance.}) 38... Ne6 $1 $17 39. Ra8 {[#]} (39. Kg3 $17 {might work better.}) 39... Kf5 $1 $19 ({And not} 39... Nxf4 40. Ra6 $14) 40. Ra6 Rd7 $2 (40... Rd8 $19 41. Rc6 Re8) 41. b6 $2 {[%mdl 8192]} (41. Be2 $11 {and White stays safe.} Rb7 42. Bg4+ Kxf4 43. Bxe6 Rxb5 44. b4) 41... Rb7 ({Weaker is} 41... Kxf4 42. Bb5 $17) 42. Be2 Kxf4 43. b4 Nd4 44. b5 $2 (44. Bg4 Rb8 45. Bd1) 44... Nxe2 {Black is clearly winning.} 45. Kxe2 g5 46. Kd2 d4 47. Kc2 Kf3 {Precision: White = 37%, Black = 54%.} 0-1

[Event "27th Kavala Open 2018"]
[Site "Kavala"]
[Date "2018.08.11"]
[Round "9"]
[White "Markidis, Konstantinos"]
[Black "Markelova, Lubov"]
[Result "1/2-1/2"]
[WhiteElo "2335"]
[BlackElo "2143"]
[Annotator "NA"]
[PlyCount "27"]
[EventDate "2018.08.06"]
[EventType "swiss"]
[EventCountry "GRE"]
[SourceTitle "playchess.com"]
[Source "ChessBase"]
[SourceQuality "1"]
[TimeControl "40/5400+30:900+30"]

1. e4 {[%emt 0:04:09]} e6 {[%emt 0:00:04]} 2. d4 {[%emt 0:00:28]} d5 {[%emt 0:00:06]} 3. e5 {[%emt 0:00:22]} c5 {[%emt 0:00:37]} 4. c3 {[%emt 0:00:08]} Qb6 {[%emt 0:00:26]} 5. Nf3 {[%emt 0:00:15]} Nc6 {[%emt 0:00:18]} 6. a3 {[%emt 0:00:46]} Nh6 {[%emt 0:00:50]} 7. b4 {[%emt 0:02:00]} cxd4 {[%emt 0:00:41]} 8. b5 {[%emt 0:00:39]} Na5 {[%emt 0:14:58]} 9. Bxh6 {[%emt 0:00:23]} gxh6 {[%emt 0:01:05]} 10. cxd4 {[%emt 0:00:06]} Bd7 {[%emt 0:05:26]} 11. Nbd2 {[%emt 0:00:20]} Rg8 {[%emt 0:06:34]} 12. g3 {[%emt 0:27:17]} Rc8 {[%emt 0:08:32]} 13. a4 {[%emt 0:02:00]} Bb4 {[%emt 0:03:51]} 14. Rb1 {[%emt 0:09:10]} 1/2-1/2

[Event "27th Kavala Open 2018"]
[Site "Kavala"]
[Date "2018.08.11"]
[Round "9"]
[White "Charkhalashvili, Inga"]
[Black "Gouloutis, Nikolaos"]
[Result "1/2-1/2"]
[WhiteElo "2313"]
[BlackElo "2391"]
[Annotator "NA"]
[PlyCount "64"]
[EventDate "2018.08.06"]
[EventType "swiss"]
[EventCountry "GRE"]
[SourceTitle "playchess.com"]
[Source "ChessBase"]
[SourceQuality "1"]
[TimeControl "40/5400+30:900+30"]

1. d4 {[%emt 0:00:03]} e6 {[%emt 0:00:06]} 2. c4 {[%emt 0:00:37]} Bb4+ {[%emt 0:00:05]} 3. Bd2 {[%emt 0:00:04]} a5 {[%emt 0:00:11]} 4. Nf3 {[%emt 0:00:40]} d6 {[%emt 0:01:55]} 5. g3 {[%emt 0:04:50]} Nc6 {[%emt 0:01:15]} 6. Bg2 {[%emt 0:00:07]} e5 {[%emt 0:00:18]} 7. O-O {[%emt 0:02:33]} exd4 {[%emt 0:07:52]} 8. Bxb4 {[%emt 0:01:00]} axb4 {[%emt 0:00:05]} 9. Nxd4 {[%emt 0:00:13]} Nxd4 {[%emt 0:00:05]} 10. Qxd4 {[%emt 0:00:04]} Qf6 {[%emt 0:00:09]} 11. Qd2 {[%emt 0:12:03]} c5 {[%emt 0:02:11]} 12. Rd1 {[%emt 0:01:35]} Ra6 {[%emt 0:00:06]} 13. Qc1 {[%emt 0:05:24]} Qe7 {[%emt 0:05:38]} 14. Nd2 {[%emt 0:00:28]} Nf6 {[%emt 0:00:03]} 15. a3 {[%emt 0:00:52]} O-O {[%emt 0:10:38]} 16. axb4 {[%emt 0:00:16]} Rxa1 {[%emt 0:00:04]} 17. Qxa1 {[%emt 0:00:03]} Qxe2 {[%emt 0:00:06]} 18. bxc5 {[%emt 0:03:39]} dxc5 {[%emt 0:05:33]} 19. Bf1 {[%emt 0:01:01]} Qh5 {[%emt 0:01:41]} 20. Re1 {[%emt 0:01:35]} Rd8 {[%emt 0:25:21]} 21. Qa5 {[%emt 0:07:07]} b6 {[%emt 0:01:32]} 22. Qc3 {[%emt 0:02:54]} Bb7 {[%emt 0:06:23]} 23. Re7 {[%emt 0:07:18]} Ba8 {[%emt 0:00:19]} 24. Bg2 {[%emt 0:05:46]} Qd1+ {[%emt 0:00:16]} 25. Nf1 {[%emt 0:00:06]} Bxg2 {[%emt 0:07:59]} 26. Kxg2 {[%emt 0:00:05]} Qd6 {[%emt 0:02:19]} 27. Re1 {[%emt 0:00:55]} h5 {[%emt 0:00:48]} 28. h4 {[%emt 0:01:07]} Qc6+ {[%emt 0:04:39]} 29. Qf3 {[%emt 0:01:21]} Qxf3+ {[%emt 0:00:16]} 30. Kxf3 {[%emt 0:00:04]} Ng4 {[%emt 0:00:05]} 31. Ke2 {[%emt 0:06:33]} Re8+ {[%emt 0:03:43]} 32. Ne3 {[%emt 0:00:41]} Nxe3 {[%emt 0:00:25]} 1/2-1/2